Normal view
MARC view
Entry Personal Name
001 - CONTROL NUMBER
- control field: 2252
003 - CONTROL NUMBER IDENTIFIER
- control field: ARRUPE
005 - DATE AND TIME OF LATEST TRANSACTION
- control field: 20131008112125.0
008 - FIXED-LENGTH DATA ELEMENTS
- fixed length control field: 131008|| aca||aabn | a|a d
040 ## - CATALOGING SOURCE
- Original cataloging agency: ARRUPE
- Transcribing agency: ARRUPE
100 ## - HEADING--PERSONAL NAME
- Personal name: Auden, W. H.
- Fuller form of name: (Wystan Hugh),
- Dates associated with a name: 1907-1973,
- Relator term: ed.
670 ## - SOURCE DATA FOUND
- Source citation: Work cat.: (ARRUPE)0: Auden, W. H 2249, The Oxford book of light verse,, 1938.